| 000 | 00529nam a22001937a 4500 | ||
|---|---|---|---|
| 005 | 20201201124847.0 | ||
| 008 | 201201b ||||| |||| 00| 0 eng d | ||
| 040 |
_aIN-DiNC _cIN-DiNC |
||
| 041 | _dasm | ||
| 082 |
_a370.54 _bBOR |
||
| 100 |
_aBordoloi, Ajanta Dutta _eauthor |
||
| 245 |
_aBharatar shikshar buranji/ _cby Ajanta Dutta Bordoloi |
||
| 250 | _a2nd ed. | ||
| 260 |
_aGuwahati: _bLawyers book stall, _c2000 |
||
| 300 | _a407p. | ||
| 650 | _aEducation | ||
| 650 | _aHistory of education in India | ||
| 942 |
_2ddc _cBK |
||
| 999 |
_c11103 _d11103 |
||